Can You Name Every Weapon in TF2? - Statistics

General Stats
  • This quiz has been taken 61 times
    43 since last reset
  • The average score is 86 of 172
Answer Stats
Hint Answer % Correct
Scout Primary Force-a-Nature
96%
Scout Primary Scattergun
96%
Scout Primary Sodapopper
96%
Engineer Secondary | Scout Secondary Pistol
91%
Scout Primary Shortstop
91%
Scout Primary Backscatter
87%
Engineer Primary | Heavy Secondary | Pyro Secondary | Soldier Secondary Shotgun
87%
Scout Melee Bat
83%
Scout Secondary Bonk! Atomic Punch
83%
Scout Secondary Crit-a-Cola
83%
Scout Secondary Flying Guillotine
83%
Scout Secondary Mad Milk
83%
Soldier Primary Cow Mangler 5000
78%
Soldier Primary Direct Hit
78%
Scout Secondary Pretty Boy's Pocket Pistol
78%
Soldier Primary Rocket Launcher
78%
Scout Secondary Winger
78%
Scout Primary Babyface's Blaster
74%
Pyro Secondary | Soldier Secondary Reserve Shooter
74%
Scout Melee Sandman
74%
Soldier Primary The Original
74%
Scout Melee Wrap Assassin
74%
Soldier Primary Air Strike
70%
Scout Melee Atomizer
70%
Soldier Primary Beggar's Bazooka
70%
Scout Melee Boston Basher
70%
Scout Melee Holy Mackerel
70%
Soldier Primary Liberty Launcher
70%
Soldier Primary Rocket Jumper
70%
Soldier Primary Black Box
65%
Scout Melee Candy Cane
65%
Soldier Secondary Concheror
65%
Engineer Primary | Heavy Secondary | Pyro Secondary | Soldier Secondary Panic Attack
65%
Soldier Secondary Righteous Bison
65%
Soldier Melee Shovel
65%
Scout Melee Sun-on-a-Stick
65%
Pyro Primary Flamethrower
61%
Soldier Secondary Mantreads
61%
Heavy Primary Minigun
61%
Soldier Secondary Buff Banner
57%
Pyro Primary Dragon's Fury
57%
Soldier Melee Equalizer
57%
Soldier Melee Escape Plan
57%
Soldier Secondary Gunboats
57%
Pyro Primary Backburner
52%
Demoman Primary | Soldier Secondary B.A.S.E Jumper
52%
Pyro Primary Degreaser
52%
Soldier Melee Disciplinary Action
52%
Pyro Secondary Flare Gun
52%
Pyro Secondary Gas Passer
52%
Demoknight Melee | Soldier Melee Half-Zatoichi
52%
Pyro Melee Axtinguisher
48%
Soldier Secondary Batallion's Backup
48%
Heavy Primary Brass Beast
48%
Demoknight Secondary Chargin' Targe
48%
Pyro Secondary Detonator
48%
Scout Melee Fan O' War
48%
Pyro Melee Fire Axe
48%
Heavy Melee Fists
48%
Heavy Primary Natascha
48%
Pyro Primary Phlogistinator
48%
Heavy Secondary Sandvich
48%
Pyro Secondary Scorch Shot
48%
Heavy Secondary Second Banana
48%
Demoknight Secondary Tide Turner
48%
Heavy Primary Tomislav
48%
Sniper Primary Classic
43%
Medic Primary Crusader's Crossbow
43%
Engineer Melee Eureka Effect
43%
Heavy Melee Eviction Notice
43%
Demoknight Melee Eyelander
43%
Heavy Secondary Family Business
43%
Heavy Melee Gloves of Running Urgently
43%
Demoman Primary Grenade Launcher
43%
Engineer Melee Gunslinger
43%
Engineer Melee Jag
43%
Medic Secondary Medigun
43%
Demoman melee | Soldier Melee Pain Train
43%
Demoknight Melee Persian Persuader
43%
Engineer Primary Pomson 6000
43%
Pyro Primary Rainblower
43%
Engineer Melee Southern Hospitality
43%
Demoman Secondary Sticky Jumper
43%
Medic Primary Syringe Gun
43%
Engineer Melee Wrench
43%
Medic Melee Amputator
39%
Sniper Primary Bazaar Bargain
39%
Medic Primary Blutsauger
39%
Medic Melee Bonesaw
39%
Demoman melee Bottle
39%
Sniper Secondary Cleaner's Carbine
39%
Engineer Primary Frontier Justice
39%
Pyro Melee Hot Hand
39%
Heavy Primary Huo-long Heater
39%
Sniper Secondary Jarate
39%
Heavy Melee Killing Gloves of Boxing
39%
Spy Melee Knife
39%
Medic Secondary Kritzkrieg
39%
Pyro Secondary Manmelter
39%
Pyro Melee Neon Annihilator
39%
Medic Primary Overdose
39%
Pyro Melee Powerjack
39%
Medic Secondary Quick-Fix
39%
Spy Sapper
39%
Demoman Secondary Scottish Resistance
39%
Engineer Secondary Short Circuit
39%
Sniper Secondary SMG
39%
Sniper Primary Sniper Rifle
39%
Medic Melee Solemn Vow
39%
Demoknight Secondary Splendid Screen
39%
Spy Melee Spy-cicle
39%
Demoman Secondary Stickybomb Launcher
39%
Sniper Primary Sydney Sleeper
39%
Pyro Secondary Thermal Thruster
39%
Pyro Melee Third Degree
39%
Medic Melee Ubersaw
39%
Medic Secondary Vaccinator
39%
Engineer Secondary Wrangler
39%
Demoknight Primary Ali Baba's Wee Booties
35%
Spy Secondary Ambassador
35%
Pyro Melee Back Scratcher
35%
Spy Melee Big Earner
35%
Heavy Secondary Buffalo Steak Sandvich
35%
Sniper Melee Bushwacka
35%
Spy Cloak and Dagger
35%
Spy Melee Conniver's Kunai
35%
Sniper Secondary Cozy Camper
35%
Sniper Secondary Darwin's Danger Shield
35%
Spy Dead Ringer
35%
Spy Secondary Diamondback
35%
Heavy Melee Fists of Steel
35%
Sniper Primary Hitman's Heatmaker
35%
Heavy Melee Holiday Punch
35%
Sniper Primary Huntsman
35%
Spy Invis-watch
35%
Demoman Primary Iron Bomber
35%
Spy Secondary L'Etranger
35%
Demoman Primary Loch-n-Load
35%
Pyro Melee Lollichop
35%
Demoman Primary Loose Cannon
35%
Spy Red Tape Recorder
35%
Engineer Primary Rescue Ranger
35%
Spy Secondary Revolver
35%
Demoknight Melee Scotsman's Skullcutter
35%
Sniper Melee Shahanshah
35%
Pyro Melee Sharpened Volcano Fragment
35%
Demoman melee Ullapool Caber
35%
Medic Melee Vita-Saw
35%
Engineer Primary Widowmaker
35%
Spy Melee Your Eternal Reward
35%
Spy Secondary Enforcer
30%
Pyro Melee Homewrecker
30%
Sniper Melee Kukri
30%
Sniper Primary Machina
30%
Demoman Secondary Quickybomb Launcher
30%
Sniper Secondary Razorback
30%
Heavy Melee Warrior's Spirit
30%
Demoknight Melee Claidheamh Mor
26%
Sniper Melee Tribalman's Shiv
26%
Heavy Secondary Dolokohs Bar
17%
Soldier Melee Market Gardiner
13%
No matching quizzes found
Score Distribution
Percent of People with Each Score
Percentile by Number Answered
Your Score History
You have not taken this quiz since the last reset